Datum a čas kvízu
29.5
Celkem bodů
Celkový počet nahraných bodů na tomto kvízu bez doplňovacích otázek.
2.
Pořadí na kvízu
Konečné umístění týmu na tomto kvízu.
Zaznamenané odpovědi
| # | Otázka | Odpověď | Body | Výsledky |
|---|---|---|---|---|
| 1. | Minulou středu sněmovna schvál... | Od roku 2027. | 1 | |
| 2. | Blízko slovinského města Sevni... | Melania Trumpová | 1 | |
| 3. | Minulý týden jsme se dozvěděli... | Nicholas Winton | 0 | |
| 4. | Cena Ig Nobel Prize, tedy jaká... | helium | 1 | |
| 5. | Jak se jmenuje vítěz mužské dv... | Dominic Thiem | 0 | |
| 6. | Po dějinách Ukrajiny, které js... | Arpádovci | 0 | |
| 7. | Jak se nazývá město v jižním M... | Moháč | 0 | |
| 8. | Jak se jmenoval dočasný státní... | Maďarská republika rad | 0 | |
| 9. | Liberální pojetí socialismu sp... | gulášový socialismus/komunismus | 0 | |
| 10. | Napište šestipísmennou zkratku... | Fidesz | 0 |